| 000 | 00759nam a22002057a 4500 | ||
|---|---|---|---|
| 003 | OSt | ||
| 005 | 20241129134651.0 | ||
| 008 | 241129b |||||||| |||| 00| 0 eng d | ||
| 020 | _a9780406851079 | ||
| 040 | _cCentral University Library | ||
| 245 |
_aThe All England Law Reports 1973 Vol. 3 _cEditor: R N G Harrison BA; Christine Ivamy MA |
||
| 260 |
_aLondon, United Kingdom _bButterworth & Co. (Publishers) Ltd. _c1973 |
||
| 300 |
_axlviii, 1200 pages _c23.5 cm |
||
| 490 | _3Law Reports | ||
| 500 | _aTHE ALL ENGLAND LAW REPORTS - 1973 VOLUME 3. | ||
| 600 |
_2Law Reports _xEngland |
||
| 700 |
_aR N G Harrison BA (of Lincoln's Inn, Barrister) _eEditor |
||
| 700 |
_aChristine Ivamy MA (of Gray's Inn, Barrister) _eAssistant Editor |
||
| 942 |
_2lcc _cBK _n0 |
||
| 999 |
_c1761 _d1761 |
||